La oración del hombre moderno
Salvato in:
| Autore principale: | |
|---|---|
| Natura: | Libro |
| Lingua: | spagnolo |
| Pubblicazione: |
Salamanca
Sígueme
1988
|
| Edizione: | 9a. ed |
| Serie: | Pedal, 19
|
| Soggetti: | |
| Tags: |
Aggiungi Tag
Nessun Tag, puoi essere il primo ad aggiungerne!!
|
MARC
| LEADER | 00000nam a2200000 a 4500 | ||
|---|---|---|---|
| 001 | UCX0171 | ||
| 003 | CL-VaPUC | ||
| 008 | 890823e19880000SP |||||||||||||||||spa|d | ||
| 082 | 0 | 4 | |a 248.3 |b EVE |2 21 |
| 100 | 0 | |a Evely, Luis |e author |9 315562 | |
| 245 | 1 | 3 | |a La oración del hombre moderno |
| 250 | |a 9a. ed | ||
| 300 | |a 126 p | ||
| 942 | |c BK | ||
| 945 | |d 19890823 00:00:00 | ||
| 260 | |a Salamanca |b Sígueme |c 1988 | ||
| 650 | 0 | |a Oración |9 313348 | |
| 583 | |a last modification |c 19890823 00:00:00 |k Rodrigo Vera | ||
| 490 | 0 | |a Pedal, 19 | |
| 999 | |c 221868 |d 221866 | ||
| 952 | |0 0 |1 0 |4 0 |6 248_300000000000000_EVE_1988 |7 0 |8 A |9 215866 |a BIBTEO |b BIBTEO |d 2019-11-15 |i 2844117 |o 248.3 EVE 1988 |p 2844117 |r 2025-01-17 |w 2019-11-15 |y BK |k ICR | ||